| 000 | 01128nam a2200313 a 4500 | ||
|---|---|---|---|
| 001 | 73010 | ||
| 003 | BD-RjUL | ||
| 005 | 20211209082334.0 | ||
| 008 | 170527s1981 ii bi 001 0 eng d | ||
| 035 | _a(BD-RjUL)73228 | ||
| 040 |
_aDLC _cDLC _dDLC _dBD-RjUL _beng |
||
| 041 | _aeng | ||
| 082 | 0 | 0 |
_223 _a579.50954 _bFUN 1981 |
| 245 | 1 | 0 |
_aFungi of India / _cCompiled and edited by K.S.Bilgrami, Jamaluddin and M. A. Rizwi. |
| 260 |
_aNew Delhi : _bToday & Tomorrow's Printers and Publishers, _cc1979, 1981 |
||
| 300 |
_a2 parts ; _c28 cm. |
||
| 504 | _aIncludes bibliographical references and index | ||
| 505 | _aPart 1. List and references -- pt. 2. Host index and addenda -- | ||
| 650 | 0 |
_aFungi _zIndia. _9215924 |
|
| 650 | 0 |
_aPhytopathogenic fungi _zIndia. _9167141 |
|
| 650 | 0 |
_aFungi _zIndia _xPeriodicals _xIndexes. _9215925 |
|
| 650 | 0 |
_aPhytopathogenic fungi _zIndia _xPeriodicals _xIndexes. _9215926 |
|
| 650 | 0 |
_aPhytopathogenic fungi _xHost plants. _9215927 |
|
| 700 | 1 |
_aBilgrami, K.S. _9215928 |
|
| 700 | 1 |
_aJamaluddin _9215929 |
|
| 700 | 1 |
_a Rizwi, M. A. _9215930 |
|
| 942 |
_2ddc _cBK |
||
| 999 |
_c73010 _d73010 |
||